000 01550nam a2200265 a 4500
001 BS0001077
003 BR-BrBNA
005 20230418191636.0
008 230308b |||||||| |||| 00| 0 por d
040 _aBR-BrBNA
_bpor
_cBiblioteca Nacional de Agricultura
041 _apor
072 _aS83
090 _aS83 BS0001077
100 1 _aBuchheim, Lothar-Günther.
245 1 _aSubmarino /
260 3 _aRio de janeiro, RJ:
_bBestBolso,
_c2008.
300 _a527 p.
500 _aTítulo original: Das Boat. Tradução de Marcílio Cláudio Barbosa..
520 3 _a1941 A tripulação do submarino alemão U-096 vive dias de terror para sobreviver aos ataques dos gigantes navios ingleses na Batalha do Atlântico. A grandiosidade deste livro está na tragédia humana de seus personagens, no relato emocionante que o autor faz sobre a guerra. O livro inspirou o filme de Wolfgang Petersen intitulado O barco - Inferno no mar, produção alemã que recebeu seis indicações ao Oscar. Embora seja um romance esta não uma obra de ficção. Lothar-Günther Buchheim foi correspondente de guerra e testemunhou os eventos aqui relatados; eles são a soma de suas vivências a bordo de um submarino. Tanto o livro quanto o filme são, na verdade um grande manifesto antibélico. Dos quarenta mil alemães que serviram em submarinos, trinta mil jamais regressaram da Segunda Guerra Mundial.
650 _aLITERATURA ALEMÃ
650 _aFICÇÃO
650 _aSEGUNDA GUERRA MUNDIAL
909 _a202304
_bSergio Santos
_c56
_dSergio Santos
942 _cBK
999 _c6134
_d6134